000
00507nam a2200169Ia 4500
008
090711s9999 xx 000 0 und d
082
_b
1463
100
_a
जोशी विमल वा.
245
_a
अबोल झाली सतार
260
_c
1999
300
_a
78
600
_a
जोशी विमल वा.
630
_a
अबोल झाली सतार
700
_a
जोशी विमल वा.
730
_a
अबोल झाली सतार
942
_c
BOOK
999
_c
336444
_d
336444